000 00369nam a2200121 4500
999 _c11103
_d11103
008 181012b ||||| |||| 00| 0 eng d
100 _932122
_aTalavera, Catherine
245 _aOnline gaming firms driving up ofc demand/
_cCatherine Talavera
260 _aPhilippines
_bThe Philippine Star
_cc2018
300 _apage B3.
650 0 _932123
_aBusiness.
942 _2ddc
_cPER